[Event "NB II. Asztalos csoport"]
[Site "Komlo"]
[Date "2024.03.03"]
[Round "5.2"]
[White "Bator, Balazs"]
[Black "Ruppaner, Janos"]
[Result "1-0"]
[WhiteElo "1969"]
[BlackElo "2038"]
[PlyCount "135"]
[EventDate "2023.10.08"]
[EventType "team-tourn"]
[EventRounds "9"]
[EventCountry "HUN"]
[Source "chess.hu"]
[WhiteTeam "Komloi BSK"]
[BlackTeam "Kalocsai SK"]
[WhiteTeamCountry "HUN"]
[BlackTeamCountry "HUN"]

1. e4 e5 2. Nf3 Nc6 3. Bb5 a6 4. Ba4 Nf6 5. O-O b5 6. Bb3 Be7 7. Re1 d6 8. c3
O-O 9. h3 h6 10. d4 Bd7 11. Nbd2 Re8 12. Nf1 Bf8 13. Ng3 Na5 14. Bc2 g6 15. a4
c5 16. Be3 Qc7 17. d5 Rec8 18. Nd2 Be8 19. f4 exf4 20. Bxf4 Nd7 21. Nf3 Bg7 22.
Qe2 Nc4 23. Bd3 Nce5 24. axb5 c4 25. Bc2 axb5 26. Nd4 Rxa1 27. Rxa1 Rb8 28. Qd2
Kh7 29. Be3 Nc5 30. b4 cxb3 31. Nxb3 Nc4 32. Qe1 Nxe3 33. Qxe3 Nxb3 34. Bxb3
Qxc3 35. Qxc3 Bxc3 36. Ra6 Be5 37. Kf2 Kg7 38. Ne2 Kf6 39. Ke3 Rc8 40. Kd3 Bd7
41. Nd4 Rc1 42. Ra7 Be8 43. Ra8 Ke7 44. Ra7+ Kf8 45. Ra8 Rg1 46. Nf3 Ra1 47.
Rb8 Bf6 48. Rb6 Ke7 49. Rb7+ Bd7 50. Nd4 Bxd4 51. Kxd4 Rg1 52. e5 dxe5+ 53.
Kxe5 f6+ 54. Kd4 Rxg2 55. Kc5 Rd2 56. Rb6 Kd8 57. Rxf6 Rd3 58. Ba2 Be8 59. Bb1
Rc3+ 60. Kd6 Rg3 61. Be4 b4 62. Ke5 b3 63. Rb6 Kc7 64. Rb4 Rxh3 65. d6+ Kc8 66.
Ke6 Rc3 67. Ke7 Bd7 68. Bb7+ 1-0

[Event "NB II. Asztalos csoport"]
[Site "Komlo"]
[Date "2024.03.03"]
[Round "5.4"]
[White "Kadar, Gabor"]
[Black "Czibulka, Zoltan Dr"]
[Result "1/2-1/2"]
[WhiteElo "1921"]
[BlackElo "1899"]
[PlyCount "151"]
[EventDate "2023.10.08"]
[EventType "team-tourn"]
[EventRounds "9"]
[EventCountry "HUN"]
[Source "chess.hu"]
[WhiteTeam "Komloi BSK"]
[BlackTeam "Kalocsai SK"]
[WhiteTeamCountry "HUN"]
[BlackTeamCountry "HUN"]

1. d4 Nf6 2. Bf4 e6 3. e3 d5 4. Bd3 Bd6 5. Ne2 c5 6. c3 cxd4 7. cxd4 Nc6 8.
Nbc3 a6 9. O-O b5 10. Rc1 Bb7 11. a3 Bxf4 12. Nxf4 Rc8 13. b4 O-O 14. Bb1 e5
15. Nd3 exd4 16. exd4 Rc7 17. Nc5 Bc8 18. Ne2 Qd6 19. Ng3 Qf4 20. Nb3 Bg4 21.
f3 Be6 22. Rc5 Rfc8 23. Qd3 g6 24. Rfc1 Nd7 25. R5c3 Nb6 26. Ne2 Qd6 27. g4 Nc4
28. Nc5 Ne7 29. Ng3 Rf8 30. Re1 Bc8 31. Ba2 f5 32. g5 Qf4 33. Bxc4 dxc4 34. Qe3
Nd5 35. Qxf4 Nxf4 36. h4 Rd8 37. Rd1 Re7 38. Kf2 Nd5 39. Rcc1 Rde8 40. Re1 Kf7
41. Rxe7+ Rxe7 42. Ne2 Re8 43. Nc3 Nxc3 44. Rxc3 Rd8 45. Ke3 Ke7 46. a4 Kd6 47.
axb5 axb5 48. Ra3 Kd5 49. Ra5 Re8+ 50. Kf4 Kxd4 51. Rxb5 c3 52. Rb6 Kc4 53. Rc6
Kxb4 54. Nd3+ Kb3 55. Rc7 Kc2 56. Nb4+ Kd2 57. Rxh7 c2 58. Nxc2 Kxc2 59. Rg7
Rh8 60. Rxg6 Rxh4+ 61. Kg3 Rc4 62. f4 Rc3+ 63. Kh4 Kd3 64. Rd6+ Ke4 65. g6 Bb7
66. g7 Rc8 67. Kg5 Bd5 68. Rd7 Re8 69. Rc7 Bg8 70. Rc1 Ra8 71. Re1+ Kf3 72.
Kxf5 Ra5+ 73. Kg6 Kxf4 74. Rf1+ Kg4 75. Rf8 Ra6+ 76. Rf6 1/2-1/2

[Event "NB II. Asztalos csoport"]
[Site "Komlo"]
[Date "2024.03.03"]
[Round "5.5"]
[White "Lukacs, Albert"]
[Black "Gyorgy, Gergely"]
[Result "1-0"]
[WhiteElo "1960"]
[BlackElo "1828"]
[PlyCount "63"]
[EventDate "2023.10.08"]
[EventType "team-tourn"]
[EventRounds "9"]
[EventCountry "HUN"]
[Source "chess.hu"]
[WhiteTeam "Kalocsai SK"]
[BlackTeam "Komloi BSK"]
[WhiteTeamCountry "HUN"]
[BlackTeamCountry "HUN"]

1. e3 c5 2. d4 cxd4 3. exd4 Nf6 4. Nf3 e6 5. Bd3 Nc6 6. O-O Be7 7. Nc3 a6 8.
Ne2 O-O 9. c3 h6 10. Ng3 d5 11. Ne5 Nxe5 12. dxe5 Nd7 13. Qh5 f5 14. Qe2 b5 15.
Nh5 Qc7 16. Re1 Bc5 17. Be3 Bb7 18. Bd4 Rac8 19. Nf4 Qc6 20. Qh5 Qb6 21. Rad1
Rc6 22. Qg6 Rf7 23. Bxc5 Nxc5 24. Nh5 Nd7 25. Qg3 Rc8 26. Bxf5 g5 27. Bg6 Re7
28. h4 Rf8 29. hxg5 hxg5 30. Rd4 Rf5 31. Bxf5 exf5 32. Qxg5+ 1-0

[Event "NB II. Asztalos csoport"]
[Site "Komlo"]
[Date "2024.03.03"]
[Round "5.6"]
[White "Koncsag, Sandor"]
[Black "Matota, Kornel Dr"]
[Result "1/2-1/2"]
[WhiteElo "1793"]
[BlackElo "1947"]
[PlyCount "41"]
[EventDate "2023.10.08"]
[EventType "team-tourn"]
[EventRounds "9"]
[EventCountry "HUN"]
[Source "chess.hu"]
[WhiteTeam "Komloi BSK"]
[BlackTeam "Kalocsai SK"]
[WhiteTeamCountry "HUN"]
[BlackTeamCountry "HUN"]

1. e4 e5 2. Nf3 Nf6 3. d3 Nc6 4. Be2 h6 5. Nc3 Bb4 6. Bd2 d6 7. h3 O-O 8. O-O
Ne7 9. a3 Ba5 10. Na2 Bxd2 11. Qxd2 Ng6 12. Rfe1 Nf4 13. Bf1 N6h5 14. Kh2 f5
15. Ng1 fxe4 16. dxe4 Be6 17. Nc3 c6 18. Rad1 Qf6 19. Re3 g5 20. g3 Ng6 21. Rf3
1/2-1/2

[Event "NB II. Asztalos csoport"]
[Site "Komlo"]
[Date "2024.03.03"]
[Round "5.7"]
[White "Bartuszek, Andras"]
[Black "Kollar, Tibor"]
[Result "1-0"]
[WhiteElo "1866"]
[BlackElo "1825"]
[PlyCount "95"]
[EventDate "2023.10.08"]
[EventType "team-tourn"]
[EventRounds "9"]
[EventCountry "HUN"]
[Source "chess.hu"]
[WhiteTeam "Kalocsai SK"]
[BlackTeam "Komloi BSK"]
[WhiteTeamCountry "HUN"]
[BlackTeamCountry "HUN"]

1. e4 e5 2. Nf3 Nc6 3. Bb5 f5 4. d3 fxe4 5. dxe4 Nf6 6. Qe2 d6 7. h3 Be6 8. c3
Be7 9. Ng5 Bg8 10. Nd2 h6 11. Ngf3 Be6 12. Nh4 g5 13. Ng6 Rg8 14. Nxe7 Qxe7 15.
Nb3 Bd7 16. Bd2 a6 17. Bd3 O-O-O 18. O-O-O Nb8 19. Be3 c5 20. Na5 b5 21. c4 b4
22. Kb1 Nc6 23. Nxc6 Bxc6 24. f3 Nh5 25. Qf2 Nf4 26. Bc2 a5 27. b3 Kc7 28. g3
Ne6 29. h4 a4 30. hxg5 hxg5 31. Rh2 a3 32. Rdh1 Rdf8 33. Rh7 Rf7 34. Rxf7 Qxf7
35. Rh6 Nd4 36. Bxd4 exd4 37. Qe2 Kb6 38. Rxd6 Rf8 39. e5 Qxf3 40. Qxf3 Rxf3
41. Be4 Rf1+ 42. Kc2 d3+ 43. Kd2 Rf2+ 44. Kxd3 Rxa2 45. Rxc6+ Ka7 46. e6 Rd2+
47. Kxd2 a2 48. Rc8 1-0

[Event "NB II. Asztalos csoport"]
[Site "Komlo"]
[Date "2024.03.03"]
[Round "5.8"]
[White "Kis Katos, Janos"]
[Black "Kenyeres, Zsolt"]
[Result "1/2-1/2"]
[WhiteElo "1817"]
[BlackElo "1711"]
[PlyCount "68"]
[EventDate "2023.10.08"]
[EventType "team-tourn"]
[EventRounds "9"]
[EventCountry "HUN"]
[Source "chess.hu"]
[WhiteTeam "Komloi BSK"]
[BlackTeam "Kalocsai SK"]
[WhiteTeamCountry "HUN"]
[BlackTeamCountry "HUN"]

1. e4 e5 2. Nf3 Nc6 3. Bc4 Bc5 4. O-O d6 5. h3 Nf6 6. d3 h6 7. Nc3 Be6 8. Bb5
O-O 9. Bxc6 bxc6 10. Be3 Bb6 11. a4 a5 12. d4 exd4 13. Nxd4 Bxd4 14. Bxd4 c5
15. Be3 Rb8 16. Rb1 Bc4 17. Re1 Re8 18. f3 Ba6 19. Qd2 Re6 20. Ne2 Bxe2 21.
Rxe2 Rb4 22. b3 c4 23. Qe1 cxb3 24. cxb3 Qb8 25. Reb2 Nd7 26. Bd2 Qa7+ 27. Kh2
Rb7 28. Bxa5 Ne5 29. Qc3 c5 30. Qd2 c4 31. Bc3 Rxb3 32. Rxb3 cxb3 33. Bxe5 dxe5
34. Rxb3 Qxa4 1/2-1/2

[Event "NB II. Asztalos csoport"]
[Site "Baja"]
[Date "2024.03.03"]
[Round "5.1"]
[White "Vrban, Mladen"]
[Black "Jesenski, Tibor"]
[Result "1/2-1/2"]
[WhiteElo "2269"]
[BlackElo "2259"]
[PlyCount "139"]
[EventDate "2023.10.08"]
[EventType "team-tourn"]
[EventRounds "9"]
[EventCountry "HUN"]
[Source "chess.hu"]
[WhiteTeam "Sakk Egylet Nagyatad"]
[BlackTeam "Bajai SSC"]
[WhiteTeamCountry "HUN"]
[BlackTeamCountry "HUN"]

1. f4 d5 2. Nf3 Nf6 3. g3 g6 4. Bg2 Bg7 5. O-O O-O 6. c3 c5 7. d3 Nc6 8. Na3 a6
9. Nc2 Qc7 10. Nh4 e6 11. e4 c4 12. e5 cxd3 13. Qxd3 Ne4 14. Be3 b6 15. c4 Bb7
16. Rac1 Rfd8 17. cxd5 exd5 18. Nd4 Qd7 19. Nxc6 Bxc6 20. Bxe4 dxe4 21. Qxd7
Bxd7 22. Bxb6 Rdb8 23. Bd4 Rb4 24. Rfd1 Bg4 25. Bc3 Ra4 26. Re1 Bf8 27. a3 Bc5+
28. Kg2 Be7 29. h3 Be6 30. Rcd1 Rc8 31. Kh2 Bxa3 32. Ra1 Bb3 33. Ng2 Bb4 34.
Rxa4 Bxc3 35. Rexe4 Bxa4 36. Rxa4 Bxb2 37. Rxa6 Rc2 38. h4 h5 39. Kh3 Re2 40.
Ra2 Rd2 41. Ne3 Bc3 42. Ra3 Bd4 43. Nc4 Rc2 44. Nd6 Kg7 45. Ne8+ Kh6 46. Nf6
Bg1 47. g4 hxg4+ 48. Nxg4+ Kg7 49. Rg3 Bf2 50. Rd3 Bb6 51. Nf6 Ba5 52. Rd7 Be1
53. Ne8+ Kg8 54. Nd6 Rc3+ 55. Kg2 Rd3 56. h5 gxh5 57. Rd8+ Kh7 58. Nxf7 Rxd8
59. Nxd8 Kg6 60. Nc6 Kf5 61. Kf3 Bc3 62. Ne7+ Ke6 63. Ng6 Kd5 64. Kg3 Be1+ 65.
Kh3 Ke6 66. Nh4 Bd2 67. Kg3 Be1+ 68. Kh3 Bd2 69. Kg3 Be1+ 70. Kh3 1/2-1/2

[Event "NB II. Asztalos csoport"]
[Site "Baja"]
[Date "2024.03.03"]
[Round "5.2"]
[White "Arbutina, Sinisa"]
[Black "Matko, Ognjen"]
[Result "0-1"]
[WhiteElo "2188"]
[BlackElo "2255"]
[PlyCount "118"]
[EventDate "2023.10.08"]
[EventType "team-tourn"]
[EventRounds "9"]
[EventCountry "HUN"]
[Source "chess.hu"]
[WhiteTeam "Bajai SSC"]
[BlackTeam "Sakk Egylet Nagyatad"]
[WhiteTeamCountry "HUN"]
[BlackTeamCountry "HUN"]

1. d4 d5 2. Nf3 Nf6 3. c4 dxc4 4. e3 e6 5. Bxc4 a6 6. O-O c5 7. dxc5 Qxd1 8.
Rxd1 Bxc5 9. a3 b5 10. Be2 Nbd7 11. b4 Be7 12. Bb2 Bb7 13. Nbd2 O-O 14. Nb3
Rfc8 15. Rac1 Bd5 16. Nfd2 Kf8 17. f3 Nb6 18. e4 Bxb3 19. Nxb3 Nfd7 20. Rxc8+
Rxc8 21. Rc1 Rxc1+ 22. Bxc1 Ke8 23. Na5 Bf6 24. Nc6 Na4 25. Kf2 Bb2 26. Bxb2
Nxb2 27. Ke3 e5 28. Kd2 f6 29. Kc2 Na4 30. g3 g5 31. Bf1 Nab6 32. Kc3 h6 33.
Bh3 Nc4 34. a4 Ndb6 35. a5 Na8 36. Nb8 Nc7 37. Nd7 Ke7 38. Nc5 Nd6 39. Kd3 Kf7
40. Ke3 Nc4+ 41. Ke2 Nd6 42. Bd7 Ke7 43. Bc6 Kf7 44. f4 g4 45. Bd7 h5 46. h3
gxh3 47. Bxh3 Kg7 48. Be6 Nxe4 49. Nxe4 Nxe6 50. fxe5 fxe5 51. Kd3 Kg6 52. Nd6
Nd4 53. Ke4 Nc6 54. Kd5 Nxb4+ 55. Kc5 Nd3+ 56. Kb6 b4 57. Kxa6 b3 58. Nc4 e4
59. Kb6 e3 0-1

[Event "NB II. Asztalos csoport"]
[Site "Baja"]
[Date "2024.03.03"]
[Round "5.3"]
[White "Horvath, Attila"]
[Black "Gabric, Goran"]
[Result "0-1"]
[WhiteElo "2134"]
[BlackElo "2165"]
[PlyCount "104"]
[EventDate "2023.10.08"]
[EventType "team-tourn"]
[EventRounds "9"]
[EventCountry "HUN"]
[Source "chess.hu"]
[WhiteTeam "Sakk Egylet Nagyatad"]
[BlackTeam "Bajai SSC"]
[WhiteTeamCountry "HUN"]
[BlackTeamCountry "HUN"]

1. d4 d5 2. c4 e6 3. Nf3 Nf6 4. Nc3 Be7 5. Bg5 O-O 6. e3 Nbd7 7. Qc2 c6 8. cxd5
Nxd5 9. Bxe7 Qxe7 10. Nxd5 exd5 11. Bd3 Qb4+ 12. Qd2 a5 13. a3 Qd6 14. Rc1 Re8
15. O-O Nf6 16. Ne5 Ne4 17. Qc2 f6 18. Nc4 Qc7 19. Nd2 Nxd2 20. Qxd2 g6 21. Qc2
Kg7 22. Qc5 Be6 23. Rc2 a4 24. Rfc1 Ra5 25. Qb4 Raa8 26. Rc5 f5 27. g3 g5 28.
Bf1 f4 29. e4 Qf7 30. Qc3 Rf8 31. Bg2 f3 32. Bf1 h5 33. Qe3 Qf6 34. Re1 Rae8
35. e5 Qh6 36. h3 Bf5 37. Kh2 Qg6 38. h4 gxh4 39. gxh4 Qg4 40. Qg5+ Qxg5 41.
hxg5 Kg6 42. Rc3 Bg4 43. Bd3+ Kxg5 44. Bc2 Rf4 45. Rd1 Rg8 46. Rg1 Rxd4 47.
Rxf3 Re8 48. Rf7 Rxe5 49. Rg2 Rf4 50. Rxb7 Re2 51. Rg7+ Kh4 52. Kg1 Rxc2 0-1

[Event "NB II. Asztalos csoport"]
[Site "Baja"]
[Date "2024.03.03"]
[Round "5.4"]
[White "Balint, Richard"]
[Black "Molnar, Aurel Jr"]
[Result "0-1"]
[WhiteElo "2094"]
[BlackElo "2073"]
[PlyCount "54"]
[EventDate "2023.10.08"]
[EventType "team-tourn"]
[EventRounds "9"]
[EventCountry "HUN"]
[Source "chess.hu"]
[WhiteTeam "Bajai SSC"]
[BlackTeam "Sakk Egylet Nagyatad"]
[WhiteTeamCountry "HUN"]
[BlackTeamCountry "HUN"]

1. e4 c5 2. Nf3 d6 3. d4 cxd4 4. Nxd4 Nf6 5. Nc3 a6 6. Bg5 e6 7. f4 b5 8. e5
dxe5 9. fxe5 Qc7 10. exf6 Qe5+ 11. Qe2 Qxg5 12. Ne4 Qe5 13. O-O-O Bb7 14. fxg7
Bxg7 15. Nc5 Qxc5 16. Nxe6 fxe6 17. Qxe6+ Qe7 18. Qf5 Nd7 19. Be2 O-O-O 20. Bf3
Qe3+ 21. Kb1 Bxf3 22. Rhe1 Be2 23. Rxe2 Qxe2 24. Qd5 Qe5 25. Qc6+ Kb8 26. c3
Nc5 27. Qb6+ Nb7 0-1

[Event "NB II. Asztalos csoport"]
[Site "Baja"]
[Date "2024.03.03"]
[Round "5.5"]
[White "Konig, Balazs"]
[Black "Follardt, Lorinc"]
[Result "1-0"]
[WhiteElo "2098"]
[BlackElo "1977"]
[PlyCount "91"]
[EventDate "2023.10.08"]
[EventType "team-tourn"]
[EventRounds "9"]
[EventCountry "HUN"]
[Source "chess.hu"]
[WhiteTeam "Sakk Egylet Nagyatad"]
[BlackTeam "Bajai SSC"]
[WhiteTeamCountry "HUN"]
[BlackTeamCountry "HUN"]

1. d4 Nf6 2. Nc3 d5 3. Bg5 Bf5 4. f3 Nbd7 5. Nxd5 Nxd5 6. e4 h6 7. Bd2 e5 8.
exf5 exd4 9. Qe2+ Qe7 10. O-O-O O-O-O 11. Qe4 Qc5 12. Ne2 Ne3 13. Bxe3 dxe3 14.
Nc3 Bd6 15. Rd5 Qb4 16. Rd4 Qc5 17. Rd5 Qb4 18. Rd4 Qc5 19. Rd5 Rhe8 20. Rxc5
Rxe4 21. Rxc7+ Bxc7 22. Nxe4 Bf4 23. Be2 Kc7 24. g3 Bg5 25. Rd1 Re8 26. Nxg5
hxg5 27. Rxd7+ Kxd7 28. Bb5+ Ke7 29. Bxe8 Kxe8 30. Kd1 Ke7 31. Ke2 Kf6 32. g4
Ke5 33. Kxe3 b5 34. c3 Kd5 35. f4 f6 36. fxg5 fxg5 37. b3 a6 38. h3 a5 39. a3
a4 40. bxa4 bxa4 41. Kd3 Ke5 42. c4 Kd6 43. Kd4 Kc6 44. c5 Kc7 45. Kc4 Kb7 46.
Kb5 1-0

[Event "NB II. Asztalos csoport"]
[Site "Baja"]
[Date "2024.03.03"]
[Round "5.6"]
[White "Darazs, Zoltan"]
[Black "Szijarto, Attila"]
[Result "1-0"]
[WhiteElo "2022"]
[BlackElo "1963"]
[PlyCount "103"]
[EventDate "2023.10.08"]
[EventType "team-tourn"]
[EventRounds "9"]
[EventCountry "HUN"]
[Source "chess.hu"]
[WhiteTeam "Bajai SSC"]
[BlackTeam "Sakk Egylet Nagyatad"]
[WhiteTeamCountry "HUN"]
[BlackTeamCountry "HUN"]

1. e4 c5 2. Nf3 d6 3. d4 cxd4 4. Nxd4 Nf6 5. Nc3 g6 6. Be3 Bg7 7. f3 O-O 8. Qd2
Nc6 9. O-O-O d5 10. exd5 Nxd5 11. Nxc6 bxc6 12. Bd4 e5 13. Bc5 Be6 14. Ne4 Re8
15. Bc4 Qb8 16. Bd6 Qb6 17. Bc5 Qb8 18. g4 a5 19. h4 Rd8 20. h5 Nb4 21. Qxd8+
Qxd8 22. Rxd8+ Rxd8 23. Bxe6 fxe6 24. hxg6 hxg6 25. Bxb4 axb4 26. Rd1 Rd5 27.
a4 bxa3 28. bxa3 Kf7 29. c4 Rd4 30. Rxd4 exd4 31. a4 Be5 32. a5 Bb8 33. Kc2 Ke7
34. Kd3 e5 35. c5 Ke6 36. Kc4 Ba7 37. a6 Kd7 38. Nf2 Ke6 39. Nd3 Bb8 40. Nb4
Kd7 41. Kd3 Ba7 42. Ke4 Bxc5 43. Nd3 Ba7 44. Nxe5+ Kc7 45. Nxg6 c5 46. Ne5 Kd6
47. Nc4+ Ke6 48. f4 Bb8 49. f5+ Kf6 50. Nd6 Kg5 51. Nb5 Kxg4 52. f6 1-0

[Event "NB II. Asztalos csoport"]
[Site "Baja"]
[Date "2024.03.03"]
[Round "5.8"]
[White "Javor, Sandor"]
[Black "Ferencz, Miklos"]
[Result "1-0"]
[WhiteElo "2095"]
[BlackElo "2004"]
[PlyCount "69"]
[EventDate "2023.10.08"]
[EventType "team-tourn"]
[EventRounds "9"]
[EventCountry "HUN"]
[Source "chess.hu"]
[WhiteTeam "Bajai SSC"]
[BlackTeam "Sakk Egylet Nagyatad"]
[WhiteTeamCountry "HUN"]
[BlackTeamCountry "HUN"]

1. f4 Nf6 2. Nf3 d5 3. d4 c5 4. e3 Nc6 5. c3 e6 6. Bd3 Be7 7. Nbd2 Qb6 8. O-O
Bd7 9. Ne5 g6 10. Kh1 Qc7 11. Qe2 O-O 12. Rg1 Ne8 13. Ndf3 Ng7 14. Bd2 f6 15.
Nxd7 Qxd7 16. Rad1 c4 17. Bc2 f5 18. g4 b5 19. Rg2 a5 20. h4 Kh8 21. Rdg1 Qd8
22. Be1 Bf6 23. gxf5 exf5 24. Ne5 Bxe5 25. dxe5 Ne7 26. Rh2 Qb6 27. Bf2 Qc6 28.
Qf3 Rab8 29. Qg2 b4 30. h5 Kg8 31. Bh4 Rb7 32. Bd1 Kf7 33. Bf3 Rd8 34. hxg6+
hxg6 35. Bf6 1-0

[Event "NB II. Asztalos csoport"]
[Site "Baja"]
[Date "2024.03.03"]
[Round "5.9"]
[White "Kondakor, Mark"]
[Black "Kosa, Jeno"]
[Result "1/2-1/2"]
[WhiteElo "1966"]
[BlackElo "2043"]
[PlyCount "34"]
[EventDate "2023.10.08"]
[EventType "team-tourn"]
[EventRounds "9"]
[EventCountry "HUN"]
[Source "chess.hu"]
[WhiteTeam "Sakk Egylet Nagyatad"]
[BlackTeam "Bajai SSC"]
[WhiteTeamCountry "HUN"]
[BlackTeamCountry "HUN"]

1. Nf3 g6 2. d4 Bg7 3. e4 c5 4. c3 cxd4 5. cxd4 d5 6. e5 Nc6 7. h3 f6 8. exf6
exf6 9. Nc3 Nge7 10. Qb3 O-O 11. Bd3 Be6 12. Bf4 Na5 13. Qd1 a6 14. O-O b5 15.
Rc1 Rc8 16. b3 Qd7 17. Qd2 Nb7 1/2-1/2

[Event "NB II. Asztalos csoport"]
[Site "Baja"]
[Date "2024.03.03"]
[Round "5.10"]
[White "Kelemen, Aron"]
[Black "Bocska, Janos"]
[Result "0-1"]
[WhiteElo "1940"]
[BlackElo "1956"]
[PlyCount "108"]
[EventDate "2023.10.08"]
[EventType "team-tourn"]
[EventRounds "9"]
[EventCountry "HUN"]
[Source "chess.hu"]
[WhiteTeam "Bajai SSC"]
[BlackTeam "Sakk Egylet Nagyatad"]
[WhiteTeamCountry "HUN"]
[BlackTeamCountry "HUN"]

1. Nf3 Nf6 2. g3 g6 3. Bg2 Bg7 4. d3 d5 5. O-O O-O 6. Nbd2 c6 7. e4 dxe4 8.
dxe4 Nbd7 9. Qe2 Ng4 10. h3 Nge5 11. Nxe5 Nxe5 12. f4 Nd7 13. Nf3 Nf6 14. c3
Qc7 15. Qc2 b6 16. Be3 Bb7 17. Bf2 c5 18. Ne5 Rad8 19. Rad1 e6 20. Nc4 Qc6 21.
Ne5 Qc7 22. g4 Nd7 23. Nc4 Nb8 24. Bg3 Ba6 25. b3 Rxd1 26. Rxd1 Rd8 27. Rd3
Rxd3 28. Qxd3 Qd7 29. Qc2 Nc6 30. Ne3 Qd3 31. Qxd3 Bxd3 32. e5 Ne7 33. Bh4 Kf8
34. Bf6 h6 35. Bxe7+ Kxe7 36. Kf2 f6 37. f5 gxf5 38. gxf5 fxe5 39. fxe6 Kxe6
40. Bd5+ Kd6 41. c4 Bf6 42. Kf3 Bg5 43. Ng4 Bb1 44. Be4 Bxa2 45. Bc2 a5 46. Nf2
a4 47. bxa4 Bxc4 48. Ne4+ Ke6 49. a5 bxa5 50. Nxc5+ Kd5 51. Ne4 Kd4 52. Nd6
Bd5+ 53. Kg3 e4 54. h4 Bd2 0-1

[Event "NB II. Asztalos csoport"]
[Site "Baja"]
[Date "2024.03.03"]
[Round "5.11"]
[White "Szarka, Rego"]
[Black "Jaeger, Laszlo"]
[Result "1/2-1/2"]
[WhiteElo "1600"]
[BlackElo "1883"]
[PlyCount "95"]
[EventDate "2023.10.08"]
[EventType "team-tourn"]
[EventRounds "9"]
[EventCountry "HUN"]
[Source "chess.hu"]
[WhiteTeam "Sakk Egylet Nagyatad"]
[BlackTeam "Bajai SSC"]
[WhiteTeamCountry "HUN"]
[BlackTeamCountry "HUN"]

1. d4 c5 2. c3 e6 3. Nf3 d5 4. Bf4 Nf6 5. e3 Nc6 6. Nbd2 cxd4 7. cxd4 Be7 8.
Ne5 O-O 9. Nxc6 bxc6 10. Bd3 c5 11. dxc5 Bxc5 12. Rc1 Bd6 13. Bg3 Bb7 14. O-O
Bxg3 15. hxg3 Qb6 16. Qb3 Rfc8 17. Qxb6 axb6 18. a3 Nd7 19. Nf3 Nc5 20. Bc2 Ba6
21. Rfd1 Be2 22. Re1 Bc4 23. e4 g6 24. Nd2 Bd3 25. exd5 Bxc2 26. Rxc2 exd5 27.
Nf3 Re8 28. Rd1 Red8 29. Rcd2 Na4 30. Ne5 Rac8 31. Ng4 Rd6 32. Ne3 d4 33. Rxd4
Rxd4 34. Rxd4 Nxb2 35. Kf1 Ra8 36. Nc2 Kf8 37. Ke2 Ke7 38. Rb4 Na4 39. Ne3 Kd6
40. Nc4+ Kc5 41. Kd3 b5 42. Nd2 f5 43. Nb3+ Kb6 44. Nd4 Nc5+ 45. Ke2 Ra5 46.
Nc2 Ra7 47. Nd4 Ra5 48. Nc2 1/2-1/2

[Event "NB II. Asztalos csoport"]
[Site "Marcali"]
[Date "2024.03.03"]
[Round "5.1"]
[White "Kele, Karoly"]
[Black "Link, Ulrich"]
[Result "1/2-1/2"]
[WhiteElo "2041"]
[BlackElo "2057"]
[PlyCount "65"]
[EventDate "2023.10.08"]
[EventType "team-tourn"]
[EventRounds "9"]
[EventCountry "HUN"]
[Source "chess.hu"]
[WhiteTeam "Karmin PSSE"]
[BlackTeam "Marcali VSZSE"]
[WhiteTeamCountry "HUN"]
[BlackTeamCountry "HUN"]

1. e4 c5 2. Nf3 e6 3. d4 cxd4 4. Nxd4 Nf6 5. Nc3 Nc6 6. Ndb5 Bb4 7. a3 Bxc3+ 8.
Nxc3 d5 9. exd5 Nxd5 10. Nxd5 Qxd5 11. Qxd5 exd5 12. Bf4 Bf5 13. O-O-O O-O-O
14. Bd3 Bxd3 15. Rxd3 Rhe8 16. Kd2 f6 17. Rd1 Ne5 18. Bxe5 Rxe5 19. Kc3 Kc7 20.
Kb4 Rd6 21. f4 Re4+ 22. Rd4 Rde6 23. Kc3 Rxd4 24. Rxd4 Kc6 25. Rd2 Re4 26. g3
a5 27. Kd3 Kc5 28. c3 a4 29. Rf2 f5 30. Rc2 b5 31. Rg2 h5 32. Rc2 g6 33. Rg2
1/2-1/2

[Event "NB II. Asztalos csoport"]
[Site "Marcali"]
[Date "2024.03.03"]
[Round "5.2"]
[White "Ferenczy, Mate"]
[Black "Hrubos, Viktor"]
[Result "1/2-1/2"]
[WhiteElo "2020"]
[BlackElo "1948"]
[PlyCount "50"]
[EventDate "2023.10.08"]
[EventType "team-tourn"]
[EventRounds "9"]
[EventCountry "HUN"]
[Source "chess.hu"]
[WhiteTeam "Marcali VSZSE"]
[BlackTeam "Karmin PSSE"]
[WhiteTeamCountry "HUN"]
[BlackTeamCountry "HUN"]

1. e4 d6 2. d4 Nd7 3. Be3 g6 4. Nf3 Bg7 5. h3 Ngf6 6. Nbd2 O-O 7. Bc4 e5 8. c3
exd4 9. cxd4 c6 10. Bb3 d5 11. e5 Ne8 12. O-O f6 13. exf6 Ndxf6 14. Ne5 Nd6 15.
Ndf3 Nf5 16. Bf4 Qb6 17. Qd3 a5 18. a4 Qb4 19. Rfe1 Nd6 20. Bd2 Qb6 21. g4 Nfe4
22. Re2 Kh8 23. Be3 Qd8 24. Rae1 Qf6 25. Bc1 Qd8 1/2-1/2

[Event "NB II. Asztalos csoport"]
[Site "Marcali"]
[Date "2024.03.03"]
[Round "5.3"]
[White "Katona, Peter"]
[Black "Haszon, Abel"]
[Result "1/2-1/2"]
[WhiteElo "1898"]
[BlackElo "1915"]
[PlyCount "72"]
[EventDate "2023.10.08"]
[EventType "team-tourn"]
[EventRounds "9"]
[EventCountry "HUN"]
[Source "chess.hu"]
[WhiteTeam "Karmin PSSE"]
[BlackTeam "Marcali VSZSE"]
[WhiteTeamCountry "HUN"]
[BlackTeamCountry "HUN"]

1. e4 c6 2. d4 d5 3. Nd2 dxe4 4. Nxe4 Nf6 5. Nxf6+ exf6 6. c3 Bd6 7. Bd3 O-O 8.
Qc2 h6 9. Ne2 Qc7 10. Be3 c5 11. O-O-O c4 12. Bf5 a5 13. g4 b5 14. h4 Bxf5 15.
Qxf5 Qd7 16. Qh5 b4 17. g5 Qb5 18. Qf3 Nd7 19. gxf6 Rfb8 20. Bf4 bxc3 21. Qxc3
Bxf4+ 22. Nxf4 Nxf6 23. Rde1 Qf5 24. Nh3 Rb5 25. Re5 Rxe5 26. dxe5 Nd5 27. Qc2
Qf3 28. Qd1 Qg2 29. Rg1 Qxh3 30. Qxd5 Rc8 31. Rg3 Qf1+ 32. Qd1 Qxf2 33. Qg4
Qe1+ 34. Kc2 Qf2+ 35. Kc1 Qf1+ 36. Kc2 Qf2+ 1/2-1/2

[Event "NB II. Asztalos csoport"]
[Site "Marcali"]
[Date "2024.03.03"]
[Round "5.4"]
[White "Mike, Janos"]
[Black "Varga, Zsolt"]
[Result "1/2-1/2"]
[WhiteElo "1901"]
[BlackElo "1942"]
[PlyCount "28"]
[EventDate "2023.10.08"]
[EventType "team-tourn"]
[EventRounds "9"]
[EventCountry "HUN"]
[Source "chess.hu"]
[WhiteTeam "Marcali VSZSE"]
[BlackTeam "Karmin PSSE"]
[WhiteTeamCountry "HUN"]
[BlackTeamCountry "HUN"]

1. c4 e5 2. Nc3 Nf6 3. d3 Nc6 4. g3 g6 5. Bg2 Bg7 6. e4 d6 7. Nge2 Be6 8. O-O
Qd7 9. Nd5 Ne7 10. Nxf6+ Bxf6 11. Be3 h5 12. h4 c6 13. Qd2 b6 14. b4 Rd8
1/2-1/2

[Event "NB II. Asztalos csoport"]
[Site "Marcali"]
[Date "2024.03.03"]
[Round "5.6"]
[White "Nador, Zoltan"]
[Black "Feher, Laszlo"]
[Result "1/2-1/2"]
[WhiteElo "1852"]
[BlackElo "1810"]
[PlyCount "61"]
[EventDate "2023.10.08"]
[EventType "team-tourn"]
[EventRounds "9"]
[EventCountry "HUN"]
[Source "chess.hu"]
[WhiteTeam "Marcali VSZSE"]
[BlackTeam "Karmin PSSE"]
[WhiteTeamCountry "HUN"]
[BlackTeamCountry "HUN"]

1. d4 c6 2. e4 d5 3. e5 Bf5 4. Bd3 Bxd3 5. Qxd3 e6 6. Ne2 Nd7 7. O-O Ne7 8. b3
Qc7 9. a4 c5 10. c3 Nc6 11. Ba3 Be7 12. Nd2 g6 13. f4 O-O-O 14. Rfb1 Rde8 15.
c4 cxd4 16. Bxe7 Rxe7 17. cxd5 exd5 18. Rc1 Kb8 19. Kh1 f6 20. exf6 Re3 21. Qb5
Rxe2 22. Qxe2 Nxf6 23. Rf1 Re8 24. Qf2 Ne4 25. Nxe4 dxe4 26. Rac1 e3 27. Qe2
Qd6 28. Rcd1 Nb4 29. Qb5 Re7 30. Rfe1 e2 31. Rxe2 1/2-1/2